[Event "Copenhagen Sommerskak op"]
[Site "Copenhagen"]
[Date "1997.??.??"]
[Round "?"]
[White "Bezold, Michael"]
[Black "Carlsson, Daniel"]
[Result "0-1"]
[WhiteElo "2500"]
[BlackElo "2240"]
[PlyCount "61"]
[EventDate "1997.??.??"]
[EventType "swiss"]
[EventRounds "10"]
[EventCountry "DEN"]
[SourceTitle "EXT 1999"]
[Source "ChessBase"]
[SourceDate "1998.11.16"]
[SourceVersion "1"]
[SourceVersionDate "1998.11.16"]
[SourceQuality "1"]

1. b3 Nf6 2. Bb2 d5 3. g3 c6 4. Bg2 Bg4 5. Nf3 Nbd7 6. d3 Qc7 7. c4 e6 8. Nbd2 Bd6 9. Rc1 0-0 10. 0-0 Rfe8 11. h3 Bh5 12. g4 Bg6 13. cxd5 exd5 14. Nd4 h6 15. N2f3 Qb6 16. Nh4 Be5 17. Nhf3 Bd6 18. Rc2 c5 19. Nf5 Bxf5 20. gxf5 d4 21. Bc1 Nd5 22. Nh2 Nc3 23. Qe1 Ne5 24. Rxc3 dxc3 25. Qxc3 Nc6 26. e3 Rad8 27. f4 c4 28. Qxc4 Bc5 29. d4 Nxd4 30. Kh1 Nxf5 31. Rg1 0-1

[Event "Copenhagen Sommerskak op"]
[Site "Copenhagen"]
[Date "1997.??.??"]
[Round "?"]
[White "Jorgensen, Michael"]
[Black "Carlsson, Daniel"]
[Result "0-1"]
[WhiteElo "2275"]
[BlackElo "2240"]
[PlyCount "150"]
[EventDate "1997.??.??"]
[EventType "swiss"]
[EventRounds "10"]
[EventCountry "DEN"]
[SourceTitle "EXT 1999"]
[Source "ChessBase"]
[SourceDate "1998.11.16"]
[SourceVersion "1"]
[SourceVersionDate "1998.11.16"]
[SourceQuality "1"]

1. d4 Nf6 2. c4 g6 3. Nc3 Bg7 4. e4 0-0 5. Nf3 d6 6. Be2 e5 7. 0-0 exd4 8. Nxd4 Re8 9. f3 c6 10. Kh1 Nbd7 11. Nc2 Qe7 12. Be3 Ne5 13. Qd2 Be6 14. b3 Red8 15. Nd4 d5 16. exd5 cxd5 17. c5 Nc6 18. Bb5 Rac8 19. Na4 Nh5 20. Bxc6 bxc6 21. Bg5 Bf6 22. Bxf6 Qxf6 23. Rae1 Re8 24. Nc3 Bd7 25. b4 Qh4 26. Kg1 Qf4 27. Qxf4 Nxf4 28. Rxe8+ Rxe8 29. g3 Re3 30. gxf4 Rxc3 31. Rd1 Kg7 32. Kf2 Kf6 33. Rd2 h5 34. Ke2 h4 35. Rb2 a6 36. Rb3 Rc4 37. Ke3 h3 38. a4 Rc1 39. Kd3 Bf5+ 40. Ke3 Bd7 41. Rb2 Rc3+ 42. Kd2 Rc4 43. Ke3 Ke7 44. a5 Rc1 45. Kd2 Ra1 46. Ke3 Kd8 47. Kd3 Bf5+ 48. Kc3 Kd7 49. Rd2 Re1 50. Kb2 Rb1+ 51. Kc3 f6 52. Nb3 Re1 53. Nd4 Re3+ 54. Kb2 Bd3 55. Rd1 Bc4 56. Rd2 Bf1 57. Rf2 Bg2 58. Re2 Rd3 59. Ne6 Bxf3 60. Nf8+ Kd8 61. Re6 Rd2+ 62. Ka3 Rxh2 63. b5 axb5 64. a6 b4+ 65. Kb3 Bd1+ 66. Kxb4 Ra2 67. Re1 Bf3 68. Ne6+ Kc8 69. f5 g5 70. Nxg5 fxg5 71. f6 Bh5 72. Re3 g4 73. Re5 Bg6 74. Rg5 h2 75. Rxg6 h1Q 0-1

[Event "SWE-chT 9596"]
[Site "Sweden"]
[Date "1996.??.??"]
[Round "?"]
[White "Andersson, Johan"]
[Black "Carlsson, Daniel"]
[Result "0-1"]
[WhiteElo "2175"]
[BlackElo "2165"]
[PlyCount "78"]
[EventDate "1995.??.??"]
[EventType "team"]
[EventRounds "9"]
[EventCountry "SWE"]
[SourceTitle "EXT 1998"]
[Source "ChessBase"]
[SourceDate "1997.11.17"]
[SourceVersion "1"]
[SourceVersionDate "1997.11.17"]
[SourceQuality "1"]

1. e4 c5 2. Nf3 d6 3. d4 cxd4 4. Qxd4 a6 5. c4 Nc6 6. Qd2 Nf6 7. Nc3 g6 8. b3 Bg7 9. Bb2 0-0 10. Be2 Qa5 11. Rb1 b5 12. a3 bxc4 13. Bxc4 Bg4 14. Be2 Rfd8 15. b4 Qc7 16. 0-0 Bxf3 17. Bxf3 Ne5 18. Be2 Nc4 19. Bxc4 Qxc4 20. Rfe1 e6 21. Qe2 Rac8 22. Qxc4 Rxc4 23. f3 Nd7 24. Ne2 Bh6 25. Bc1 Bg7 26. Bb2 Ne5 27. Red1 Rc2 28. Nd4 Rc4 29. Nb3 Rc2 30. Nd4 Rcc8 31. Nb3 f5 32. Bd4 Rc4 33. Bb6 Re8 34. Rxd6 fxe4 35. fxe4 Rxe4 36. Nc5 Re2 37. Nxe6 Ng4 38. h3 R8xe6 39. Rxe6 Rxe6 0-1

[Event "Copenhagen Obro New Year op"]
[Site "Copenhagen"]
[Date "1996.??.??"]
[Round "7"]
[White "Carlsson, Daniel"]
[Black "Christensen, Bo Garner"]
[Result "1-0"]
[WhiteElo "2195"]
[BlackElo "2230"]
[PlyCount "103"]
[EventDate "1996.12.27"]
[EventType "swiss"]
[EventRounds "7"]
[EventCountry "DEN"]
[SourceTitle "EXT 1999"]
[Source "ChessBase"]
[SourceDate "1998.11.16"]
[SourceVersion "1"]
[SourceVersionDate "1998.11.16"]
[SourceQuality "1"]

1. e4 d6 2. d4 g6 3. Nc3 Bg7 4. f4 a6 5. Nf3 b5 6. Bd3 c5 7. Be3 c4 8. Be2 Bb7 9. a3 Nf6 10. Nd2 Nbd7 11. 0-0 Qb6 12. Bf3 e5 13. Ne2 0-0 14. c3 Bh6 15. Qe1 Rae8 16. Qh4 Kg7 17. Rae1 d5 18. Ng3 exf4 19. Bxf4 Bxf4 20. Qxf4 Ne5 21. Qg5 Nd3 22. Re3 Ng8 23. Be2 h6 24. Nf5+ Kh7 25. Nxh6 Re5 26. dxe5 Nxh6 27. Rf6 Qa7 28. Bxd3 cxd3 29. Kh1 Bc8 30. Rg3 Ng8 31. Rf1 Qe7 32. exd5 Qxg5 33. Rxg5 Ne7 34. e6 Nf5 35. Rgxf5 gxf5 36. Rxf5 Kg7 37. Rg5+ Kf6 38. Ne4+ Ke7 39. Rg7 Bb7 40. Rxf7+ Rxf7 41. exf7 Bxd5 42. Nd2 Kxf7 43. Kg1 Kf6 44. Kf2 Kf5 45. h3 Kg5 46. Nf3+ Kf4 47. g3+ Ke4 48. Nd2+ Kf5 49. Ke3 Bg2 50. g4+ Ke5 51. h4 Bh3 52. Kf3 1-0

[Event "Balatonalmadi op-A"]
[Site "Balatonalmadi"]
[Date "1996.??.??"]
[Round "9"]
[White "Carlsson, Daniel"]
[Black "Emodi, Barnabas"]
[Result "1-0"]
[WhiteElo "2165"]
[BlackElo "2315"]
[PlyCount "55"]
[EventDate "1996.08.??"]
[EventType "swiss"]
[EventRounds "9"]
[EventCountry "HUN"]
[SourceTitle "EXT 1999"]
[Source "ChessBase"]
[SourceDate "1998.11.16"]
[SourceVersion "1"]
[SourceVersionDate "1998.11.16"]
[SourceQuality "1"]

1. e4 c5 2. Nf3 Nc6 3. d4 cxd4 4. Nxd4 g6 5. Nc3 Bg7 6. Nb3 d6 7. Be2 Bxc3+ 8. bxc3 Nf6 9. Bd3 Qc7 10. 0-0 b6 11. Bg5 Bb7 12. Nd4 Nxd4 13. cxd4 h6 14. Bxf6 exf6 15. Qf3 f5 16. d5 fxe4 17. Qxe4+ Qe7 18. Qf4 0-0 19. Qxh6 Bxd5 20. Rad1 Bb7 21. f4 Rfe8 22. f5 gxf5 23. Qh5 Qe3+ 24. Kh1 Re6 25. Qxf5 Be4 26. Qxf7+ Kh8 27. Rf3 Qh6 28. Bxe4 1-0

[Event "SWE-chT 9596"]
[Site "Sweden"]
[Date "1996.??.??"]
[Round "?"]
[White "Faldt, Magnus"]
[Black "Carlsson, Daniel"]
[Result "1/2-1/2"]
[WhiteElo "2230"]
[BlackElo "2165"]
[PlyCount "74"]
[EventDate "1995.??.??"]
[EventType "team"]
[EventRounds "9"]
[EventCountry "SWE"]
[SourceTitle "EXT 1998"]
[Source "ChessBase"]
[SourceDate "1997.11.17"]
[SourceVersion "1"]
[SourceVersionDate "1997.11.17"]
[SourceQuality "1"]

1. d4 Nf6 2. c4 g6 3. Nc3 Bg7 4. e4 d6 5. h3 0-0 6. Nf3 Na6 7. Bg5 h6 8. Be3 e5 9. d5 Nc5 10. Nd2 a5 11. g4 Kh7 12. Be2 Bd7 13. h4 Qc8 14. Rg1 Rh8 15. h5 gxh5 16. gxh5 Rg8 17. Qc2 Bg4 18. Nf3 Bxh5 19. 0-0-0 Bh8 20. Rh1 Rg6 21. Ng5+ hxg5 22. Bxh5 Nxh5 23. Rxh5+ Kg8 24. Bxg5 Qg4 25. Rdh1 Bg7 26. f3 Qxf3 27. Qh2 f6 28. Rh8+ Kf7 29. Rxa8 Rxg5 30. Qh7 Qe3+ 31. Kb1 Rg1+ 32. Rxg1 Qxg1+ 33. Kc2 Qf2+ 34. Kd1 Qf1+ 35. Kd2 Qd3+ 36. Kc1 Qe3+ 37. Kc2 Qd3+ 1/2-1/2

[Event "Balatonalmadi op-A"]
[Site "Balatonalmadi"]
[Date "1996.??.??"]
[Round "6"]
[White "Fancsy, Imre"]
[Black "Carlsson, Daniel"]
[Result "1/2-1/2"]
[WhiteElo "2365"]
[BlackElo "2165"]
[PlyCount "41"]
[EventDate "1996.08.??"]
[EventType "swiss"]
[EventRounds "9"]
[EventCountry "HUN"]
[SourceTitle "EXT 1999"]
[Source "ChessBase"]
[SourceDate "1998.11.16"]
[SourceVersion "1"]
[SourceVersionDate "1998.11.16"]
[SourceQuality "1"]

1. Nf3 Nf6 2. c4 g6 3. g3 Bg7 4. Bg2 0-0 5. d4 d6 6. Nc3 c6 7. 0-0 Qa5 8. h3 Be6 9. Qd3 Qa6 10. b3 d5 11. Ne5 Rd8 12. Rd1 dxc4 13. Nxc4 b5 14. Nd2 b4 15. Qxa6 Nxa6 16. Na4 Rxd4 17. Bb2 Rd6 18. Be5 Nd5 19. Bxg7 Kxg7 20. Nc4 Rdd8 21. Na5 1/2-1/2

[Event "Copenhagen Obro New Year op"]
[Site "Copenhagen"]
[Date "1996.??.??"]
[Round "6"]
[White "Fries Nielsen, Jens Ove"]
[Black "Carlsson, Daniel"]
[Result "1-0"]
[WhiteElo "2425"]
[BlackElo "2195"]
[PlyCount "65"]
[EventDate "1996.12.27"]
[EventType "swiss"]
[EventRounds "7"]
[EventCountry "DEN"]
[SourceTitle "EXT 1999"]
[Source "ChessBase"]
[SourceDate "1998.11.16"]
[SourceVersion "1"]
[SourceVersionDate "1998.11.16"]
[SourceQuality "1"]

1. Nf3 g6 2. d4 Nf6 3. g3 Bg7 4. Bg2 0-0 5. 0-0 d6 6. Nc3 Nc6 7. d5 Na5 8. e4 c6 9. h3 cxd5 10. exd5 Bd7 11. a4 Rc8 12. Re1 Re8 13. Nd4 a6 14. Nce2 e5 15. dxe6 fxe6 16. Bd2 Nc6 17. Nb3 Qc7 18. Nf4 e5 19. Nd3 Be6 20. Bg5 Bxb3 21. cxb3 Nd4 22. Rc1 Qd7 23. Be3 Nc6 24. b4 e4 25. Nf4 Ne5 26. Rxc8 Rxc8 27. Bd4 Qf5 28. Bc3 g5 29. Nd5 Re8 30. Nxf6+ Qxf6 31. Rxe4 Rf8 32. f4 gxf4 33. gxf4 1-0

[Event "SWE-chT 9596"]
[Site "Sweden"]
[Date "1996.??.??"]
[Round "?"]
[White "Winsnes, Rikard"]
[Black "Carlsson, Daniel"]
[Result "0-1"]
[WhiteElo "2385"]
[BlackElo "2165"]
[PlyCount "71"]
[EventDate "1995.??.??"]
[EventType "team"]
[EventRounds "9"]
[EventCountry "SWE"]
[SourceTitle "EXT 1998"]
[Source "ChessBase"]
[SourceDate "1997.11.17"]
[SourceVersion "1"]
[SourceVersionDate "1997.11.17"]
[SourceQuality "1"]

1. e4 c5 2. Nf3 d6 3. d4 cxd4 4. Nxd4 Nf6 5. Nc3 g6 6. Be3 Bg7 7. f3 0-0 8. Qd2 Nc6 9. Bc4 Bd7 10. h4 Ne5 11. Bb3 h5 12. 0-0-0 Rc8 13. Bg5 Rc5 14. Kb1 a5 15. a4 Qb6 16. Bxf6 Bxf6 17. Nd5 Rxd5 18. exd5 Rc8 19. f4 Nc4 20. Qd3 Nxb2 21. Kxb2 Bf5 22. Qb5 Bxd4+ 23. Kb1 Qa7 24. Rxd4 Qxd4 25. Qxb7 Qc3 26. Rc1 Kg7 27. Ka2 Qe3 28. Kb2 Rc5 29. Kb1 Rc3 30. Kb2 Qd4 31. Kb1 Qxf4 32. Re1 Qd2 33. Rc1 Qe3 34. Kb2 Qd4 35. Ka2 Qxh4 36. Rf1 0-1